| 000 | 00990nas a2200289 4500 | ||
|---|---|---|---|
| 001 | BR8400911 | ||
| 003 | BR-BrBNA | ||
| 005 | 20231205085812.0 | ||
| 007 | ta | ||
| 008 | 230509b bl.|||p| |||| 00| 00por d | ||
| 040 |
_aBR-BrBNA _bpor _cBiblioteca Nacional de Agricultura |
||
| 041 | _a(Pt) | ||
| 072 | _aN20; F27 | ||
| 100 | 1 | _aSalgado, J.S. | |
| 100 | 1 | _aFernandes, B. | |
| 100 | 1 | _aSilva, T.C.A. da | |
| 100 | 1 | _aResende, M. | |
| 245 | 1 |
_aComparacao entre arados de aiveca e de disco no preparo de solo para a cultura do milho (Zea mays L.) _bParte de tese |
|
| 246 | 1 |
_a[Comparison between moldboard and disc plow systems in soil preparation for maize crop (Zea mays L.)] _b[Part of thesis] |
|
| 650 | _aARADO DE AIVECA | ||
| 650 | _aARADO DE DISCO | ||
| 650 | _aCULTIVO DO SOLO | ||
| 650 | _aMILHO | ||
| 773 | 0 |
_tRevista Ceres (Brazil) _xISSN 0034-737X _g(Jul 1983), v. 30(170) p. 261-267 _wBR8400911 |
|
| 909 |
_a202311 _bLúcia _c55 _dLúcia Elande |
||
| 942 |
_2AGRIS _n0 _cANA |
||
| 999 |
_c113916 _d113916 |
||